[Event "FIDE World Uni Blitz-D 1st"]
[Site "Tornelo INT"]
[Date "2021.03.13"]
[Round "6.12"]
[White "Abhishek, Bhargav"]
[Black "Tsolakidou, Stavroula"]
[Result "1/2-1/2"]
[WhiteElo "1177"]
[BlackElo "2379"]
[PlyCount "62"]
[EventDate "2021.03.13"]
[EventType "swiss (blitz)"]
[EventRounds "10"]
[EventCountry "NET"]
[SourceTitle "EXT 2022"]
[Source "ChessBase"]
[SourceDate "2021.10.06"]
[SourceVersion "1"]
[SourceVersionDate "2021.10.06"]
[SourceQuality "1"]

1. e4 c5 2. Nf3 d6 3. d4 cxd4 4. Nxd4 Nf6 5. Bb5+ Nbd7 6. 0-0 a6 7. Bd3 g6 8. c4 Bg7 9. Nc3 0-0 10. Be3 e6 11. h3 Ne5 12. f4 Nxd3 13. Qxd3 Qc7 14. Rac1 Bd7 15. a4 Rac8 16. b3 Qa5 17. Nf3 Rfd8 18. Nd4 Be8 19. g4 e5 20. Nf3 exf4 21. Bxf4 Qb6+ 22. Be3 Qxb3 23. Bd4 Qxc4 24. Qd2 Qe6 25. Ng5 Qb3 26. Rxf6 Bxf6 27. Bxf6 d5 28. Bxd8 Rxd8 29. Rb1 Qc4 30. Nxd5 Qc5+ 31. Kg2 Qa5 1/2-1/2

[Event "FIDE World Uni Blitz-D 1st"]
[Site "Tornelo INT"]
[Date "2021.03.13"]
[Round "8.5"]
[White "Sargsyan, Anna M"]
[Black "Abhishek, Bhargav"]
[Result "1/2-1/2"]
[WhiteElo "2380"]
[BlackElo "1177"]
[PlyCount "102"]
[EventDate "2021.03.13"]
[EventType "swiss (blitz)"]
[EventRounds "10"]
[EventCountry "NET"]
[SourceTitle "EXT 2022"]
[Source "ChessBase"]
[SourceDate "2021.10.06"]
[SourceVersion "1"]
[SourceVersionDate "2021.10.06"]
[SourceQuality "1"]

1. d4 d5 2. c4 dxc4 3. Nf3 Nf6 4. e3 Bf5 5. Bxc4 e6 6. 0-0 c5 7. Nc3 Nc6 8. d5 exd5 9. Nxd5 Be4 10. Nxf6+ Qxf6 11. Nd2 Bf5 12. Qf3 0-0-0 13. e4 Be6 14. Qxf6 gxf6 15. Bxe6+ fxe6 16. Nf3 Nd4 17. Nxd4 cxd4 18. Bd2 b6 19. f4 Bc5 20. b4 Bd6 21. a4 Kb7 22. a5 b5 23. Rae1 e5 24. fxe5 Bxe5 25. Rf5 Rhe8 26. Kf2 Rc8 27. Ke2 Rc2 28. Kd3 Rec8 29. g4 h6 30. h4 Ra2 31. g5 hxg5 32. hxg5 Rh8 33. Ref1 Rh3+ 34. R1f3 Rh2 35. Rf2 Rh3+ 36. R5f3 Ra3+ 37. Ke2 Raxf3 38. Rxf3 Rxf3 39. Kxf3 fxg5 40. Bxg5 a6 41. Kg4 d3 42. Bd2 Kc6 43. Kf5 Kd6 44. Be1 Bd4 45. Bd2 Bf2 46. Kf4 Ke6 47. Kf3 Bd4 48. Kf4 Kd6 49. Kf5 Bf2 50. Kf6 Bh4+ 51. Kf5 Bf2 1/2-1/2